[Event "Madrid Magistral 6th"]
[Site "Madrid"]
[Date "1997.05.30"]
[Round "8"]
[White "Salov, Valery"]
[Black "Polgar, Judit"]
[Result "0-1"]
[WhiteElo "2665"]
[BlackElo "2645"]
[Annotator "Petursson,M"]
[PlyCount "106"]
[EventDate "1997.06.??"]
[EventType "tourn"]
[EventRounds "9"]
[EventCountry "ESP"]
[EventCategory "17"]
[SourceTitle "CBM 059"]
[Source "ChessBase"]
[SourceDate "1997.08.01"]
[SourceVersion "1"]
[SourceVersionDate "1997.08.01"]
[SourceQuality "1"]

1. d4 {Hecht} Nf6 2. Nf3 g6 3. g3 Bg7 4. Bg2 O-O 5. O-O d6 6. Nc3 Nbd7 7. e4 e5
8. h3 Re8 9. Re1 exd4 10. Nxd4 Nc5 11. Nb3 Nfd7 12. Bf4 a5 13. Qd2 Ne6 14. Bh6
Bh8 15. Be3 Ne5 16. Qe2 a4 17. Nd4 b6 18. b3 Ra5 19. Rad1 axb3 20. axb3 Ba6 21.
Qd2 Nxd4 22. Bxd4 Nd3 23. Bxh8 Nxe1 24. Qd4 f6 25. Bxf6 Nxc2 26. Bxd8 Nxd4 27.
Bxc7 Nb5 28. Nxb5 Bxb5 29. Rxd6 Ra1+ 30. Kh2 Bf1 31. Bxb6 Bxg2 32. Kxg2 Rxe4 {
[#] Hecht Mit zwei Bauern für die Qualität sucht Salov den Gewinn. Er bringt
deshalb seinen König zum Damenflügel, weil sonst der b-Bauer nicht
voranzubringen ist. Eine taktische Gemeinheit verwandelt abrupt seine
Gewinnträume in einen realen Verlust. Eine Medaille für den taktischen Patzer.}
33. Bc5 $14 Rb1 34. Rb6 (34. b4 {Hecht} Rexb4 $11) 34... Ree1 35. h4 Re4 36.
Rb8+ Kf7 37. Rb7+ Kg8 38. Kf3 Re5 39. Rb8+ Kf7 40. Rb7+ Ke6 41. Be3 Rf5+ 42.
Ke4 Re5+ 43. Kd3 Rd1+ 44. Kc4 Re4+ 45. Kb5 Rd7 46. Rb6+ Kd5 47. b4 Ree7 48. Ra6
Rb7+ 49. Ka5 Rec7 50. Ra8 $2 (50. Bc5 $11) 50... Kc4 51. Bc5 {[%tqu "En",
"White has overpressed to win this ending. Can you find a win for BLACK here?",
"You want to force his king back to a4. So what do you need to do first?","Tak
the square a6 away from his king and create a deadly threat!","c7c6","",10]}
Rc6 $1 $19 {[#] Weiß hat gar nichts erreicht, außer daß er seinen König
schlecht gestellt hat. Schwarz "droht" im Remissinne bereits mit Txc5.} 52. Bf8
(52. g4 Rb5+ 53. Ka4 Rcxc5 54. bxc5 Rb1 55. Ka5 Ra1+ 56. Kb6 Rxa8 57. c6 Kd5
58. c7 Ke4 59. Kb7 Rf8 60. c8=Q Rxc8 61. Kxc8 Kf3 62. g5 Kxf2 63. Kd7 Kg3 $19)
(52. f4 h5 $22 53. Ka4 Rxc5 54. bxc5 Rb1 55. Ka5 Ra1+ 56. Kb6 Rxa8 57. c6 Kd5
58. c7 Ke4 59. Kb7 Rf8 60. c8=Q Rxc8 61. Kxc8 Kf3 62. Kd7 Kxg3 63. Ke6 Kxf4 64.
Kf6 Kg4 65. Kxg6 Kxh4 66. Kf5 Kg3 $19) 52... Rb5+ 53. Ka4 Rb8 ({[%tqu "En",
"Now finish him off!","Distract his rook from the defence of the mate on a6",
"Attack his rook and bishop simultaneously","b5b8","GOOD!   Salov resigns! 
Now you understand why Judit is  smiling on her picture in the players library.
",7]} 53... Rb8 $1 {WHITE RESIGNS because of} 54. Rxb8 Ra6#) 0-1

[Event "Olympiad-33"]
[Site "Elista"]
[Date "1998.09.30"]
[Round "2.1"]
[White "Almasi, Zoltan"]
[Black "Bogdanovski, Vlatko"]
[Result "1-0"]
[WhiteElo "2650"]
[BlackElo "2515"]
[Annotator "Petursson,M"]
[PlyCount "67"]
[EventDate "1998.09.29"]
[EventType "team-swiss"]
[EventRounds "13"]
[EventCountry "RUS"]
[SourceTitle "CBM 068"]
[Source "ChessBase"]
[SourceDate "1999.02.01"]
[SourceVersion "1"]
[SourceVersionDate "1999.02.01"]
[SourceQuality "1"]
[WhiteTeam "Hungary"]
[BlackTeam "Macedonia"]
[WhiteTeamCountry "HUN"]
[BlackTeamCountry "MKD"]

{[%mdl 64]} 1. e4 d6 2. d4 g6 3. Nc3 Bg7 4. Be3 c6 5. Qd2 b5 6. f3 Nf6 7. g4
Bb7 8. g5 Nh5 9. Nge2 Nd7 10. Bh3 Nb6 11. b3 d5 12. e5 Bf8 13. a4 b4 14. Nd1 a5
15. Bg4 Ng7 16. h4 Bc8 17. Ng3 f5 18. gxf6 exf6 19. Bxc8 Nxc8 20. h5 g5 21. Nf2
fxe5 22. Bxg5 Be7 23. Bxe7 Nxe7 24. Qh6 O-O 25. Ng4 Rxf3 26. Rg1 Qf8 27. Nxe5
Kh8 28. O-O-O $1 Qf4+ 29. Qxf4 Rxf4 30. h6 Ne6 31. Nh5 Rf2 {[%tqu "En","Can
you find the winning move for White?","Bring a rook to the attack!","Your rook
to the seventh rank and sacrifice the exchange!","g1g7","",22]} 32. Rg7 $3 $18
Nxg7 (32... Ng8 33. Nf7+ Rxf7 34. Rxf7 $18) 33. hxg7+ Kg8 {[%tqu "En","Now,
force him to resign!","Threaten mate!","Threaten mate on h6 and his rook at
the same time!","e5g4","",12]} 34. Ng4 1-0

[Event "FRA-ch59 Championat"]
[Site "Ales"]
[Date "1984.08.19"]
[Round "7.1"]
[White "Roos, Louis"]
[Black "Seret, Jean Luc"]
[Result "1/2-1/2"]
[WhiteElo "2365"]
[BlackElo "2390"]
[Annotator "Primel,D"]
[PlyCount "57"]
[EventDate "1984.08.12"]
[EventType "swiss"]
[EventRounds "13"]
[EventCountry "FRA"]
[SourceTitle "EXT 2004"]
[Source "ChessBase"]
[SourceDate "2003.11.25"]
[SourceVersion "1"]
[SourceVersionDate "2003.11.25"]
[SourceQuality "1"]

1. e4 {Les deux joueurs se connaissent bien et ils se sont rencontrés sur
l'échiquier а des multiples reprises} d6 (1... c6 2. d3 d5 3. Nd2 e5 4. Ngf3
Nd7 5. d4 $1 {Un coup qui avait également fait sensation en match des
candidats, où Tal n'hésitait pas également а rejouer son P} dxe4 6. Nxe4 {
Tal,M-Smyslov,V Candidates Tournament 1959 (8) 1-0}) 2. f4 d5 $1 {L'approche
moderne et pragmatique des échecs qui aurait fait hurler Tarrasch au début du
siècle. JL Seret n'hésite pas а rejouer son P dès le second coup afin de
mettre en évidence qu'après l'échange du P"e" ou son avance, la structure des
P blancs avec "f4" contient des faiblesses.} 3. exd5 (3. e5 c5 4. Nf3 Nc6 5. g3
Nh6 6. Bg2 Bg4 $132 {Lukin,A-Nikolaevsky,Y URS-ch sf Uzhgorod 1972 0-1}) 3...
Qxd5 (3... Nf6 {la position ressemble au gambit Tal sur l'attaque grand-Prix
de la sicilienne} {RR} 4. Nf3 ({RR} 4. Bc4 Nxd5 5. Nc3 Nb6 ({RR} 5... Nxf4 6.
Qf3 e5) 6. Bb3 g6 ({RR} 6... e6) 7. Nf3 Bg7 8. d4 O-O 9. Ne5 Nc6 10. Be3 Na5
11. Qf3 Nxb3 12. axb3 c6) ({RR} 4. c4 c6 5. Nc3 ({RR} 5. dxc6 Nxc6) 5... cxd5
6. cxd5 Nxd5 7. Nf3 Nc6 8. Bc4 e6 9. d4 Bb4 10. Bxd5 exd5 11. O-O O-O) 4...
Nxd5 5. d4 g6 ({RR} 5... Bg4) 6. Bc4 ({RR} 6. c4 Nb6 7. Nc3 Bg7 ({RR} 7... Bg4
8. h3 ({RR} 8. c5 Nd5 9. Qb3 Nxc3 10. bxc3 Bxf3 11. gxf3 b6) 8... Bxf3 9. Qxf3
Nc6 10. d5 Nd4 11. Qd3 Bg7 12. Be3 Nf5 13. Bf2) 8. h3 ({RR} 8. Be3 Bg4 9. Be2
O-O 10. O-O Bxf3 ({RR} 10... Nc6 11. d5 Na5 12. Ne5 Bxe5 13. fxe5 Naxc4 14. Bh6
Bxe2 15. Qxe2 Re8 16. b3 Na5 17. Qf2 f6 18. Qc5) 11. Rxf3 e6) 8... O-O 9. Be3)
6... Bg7 7. O-O O-O 8. Bb3 Bg4 9. c3 e6 10. h3 ({RR} 10. Qe1 Bxf3 11. Rxf3 c5
12. dxc5 Qc7 13. Qf2 Nf6) 10... Bxf3 11. Qxf3 c5 12. dxc5 ({RR} 12. Bxd5 Qxd5 (
{RR} 12... exd5 13. dxc5 Nc6 14. Rd1 d4 15. Be3) 13. Qxd5 exd5 14. dxc5 d4)
12... Qc7 13. Bxd5 Qxc5+ 14. Be3 Qxd5 15. Qxd5 exd5 16. Rd1 ({RR} 16. Na3 Nc6 (
{RR} 16... d4 17. Bxd4 Bxd4+ 18. cxd4 Rd8 19. Rfd1 Rd5 20. Nc2 Nc6 21. Rd2 Rad8
22. Rad1) 17. Rfd1 Rfd8 ({RR} 17... Rfe8 18. Kf2) 18. Nb5 a6 19. Nd4 Na5 20. b3
Rac8 21. Rac1 Rd7) 16... Rd8 17. Nd2 Nc6 18. Nb3 b5 {Short,N (2673)-Timman,J 
(2616)/Malmo 2002/CBM 090/[Avrukh,B]/1/2-1/2} {RR} 19. Nd4 Na5 ({RR} 19... Bxd4
20. Bxd4 Re8 21. Bc5 Re2 22. b4) ({RR} 19... Nxd4 20. Bxd4 a5 21. Bxg7 Kxg7 22.
Rd4 Rd6 ({RR} 22... Kf6 23. Rad1 Ke6 24. Re1+ Kd6 25. Re5 Kc6 26. Re7) 23. Rad1
Rad8 24. g4) 20. Nxb5 ({RR} 20. b3 a6 21. Rd3 Rac8 22. Rad1 Nc6) 20... Nc4 21.
Bxa7 ({RR} 21. Bc1 Rab8 22. Nxa7 ({RR} 22. a4 a6 23. Nc7 d4 24. Nxa6 dxc3)
22... Nxb2 23. Bxb2 Rxb2 24. Nc6 Re8) 21... Nxb2 22. Rdb1 Nd3 23. Be3 Re8 24.
Bd4 Re2) 4. Nc3 Qa5 $146 (4... Qd8 5. d4 g6 6. Be3 Bg7 7. Nf3 Nh6 8. Bc4 O-O 9.
Qd2 Nd7 10. h3 Nf5 11. Bf2 Nb6 12. Bb3 a5 13. a4 Nd6 14. Ne5 e6 15. O-O c6 16.
Qe3 Nd5 17. Ne2 f6 18. Nf3 b5 19. Nd2 Ba6 {Gesos,P (2390)-Braun,G (2400)/
Rimavska Sobota 1974/MCD/1/2-1/2 (35)}) 5. Nf3 g6 (5... Bg4) 6. d4 Bg7 7. Bd2 {
[%cal Gd2a5]} (7. Bc4) 7... c6 {donnant une case de repli comme dans la
scandinave} 8. Bc4 Nh6 {[%cal Gh6f7]} 9. Ne4 Qc7 10. c3 Nd7 11. h3 (11. O-O)
11... Nb6 12. Bb3 a5 13. a4 Nd5 14. O-O Bf5 $1 (14... Nxf4 $2 15. Bxf4 Qxf4 16.
Nfg5 {[%csl Rf7][%cal Gf1f4]}) 15. Qe2 Nxf4 (15... O-O) 16. Bxf4 Qxf4 17. Nfg5
Qc7 18. Nxf7 $1 (18. g4 Bxe4 19. Nxe4 O-O 20. Qe3 {[%csl Rg3]} Rad8 21. Rae1
$11) 18... Nxf7 19. Bxf7+ Kxf7 20. g4 e6 21. gxf5 exf5 22. Ng5+ {Curieusement,
il est difficile de profiter de la position du K noir} Kf6 23. Ne4+ Kf7 24.
Qc4+ Kf8 25. Rae1 Re8 26. Qc5+ Kg8 27. Qc4+ Kf8 28. Qc5+ Kg8 29. Qc4+ {Une
bonne opération pour JL Seret avec les noirs. Il conserve sa première place
aprés cette 7ème ronde avec 6/7 tout en maintenant а distance le
strasbourgeois (4/7)} (29. Qc4+ Kf8 30. Kg2 $14 {Giffard}) 1/2-1/2

[Event "FRA-ch59 Championat"]
[Site "Ales"]
[Date "1984.08.21"]
[Round "8.5"]
[White "Roos, Daniel"]
[Black "Giffard, Nicolas"]
[Result "1-0"]
[WhiteElo "2385"]
[BlackElo "2340"]
[Annotator "Primel,D"]
[PlyCount "149"]
[EventDate "1984.08.12"]
[EventType "swiss"]
[EventRounds "13"]
[EventCountry "FRA"]
[SourceTitle "EXT 2004"]
[Source "ChessBase"]
[SourceDate "2003.11.25"]
[SourceVersion "1"]
[SourceVersionDate "2003.11.25"]
[SourceQuality "1"]

1. Nf3 c5 2. g3 g6 3. Bg2 Bg7 4. d4 (4. c4 {Cette variante de l'anglaise est
solide mais aussi particulièrement insipide!}) 4... Nf6 5. O-O Na6 {Un coup
trés rare} (5... O-O) (5... cxd4) 6. Nc3 (6. c3 $5 {C'est probablement le plus
précis pour lutter contre la position excentrée du Na6 en le privant de case}
O-O 7. Nbd2 d6 8. e4 Rb8 9. a3 (9. Re1 b5) 9... d5 10. e5 Ng4 11. Re1) 6... O-O
7. e4 cxd4 {En fait, une nouveauté car les noirs jouent normalement "d6" avant
cd4 mais les deux joueurs vont ensuite retomber dans des lignes connues.} (7...
d6) 8. Nxd4 d6 9. h3 {Avec un N développé sur sa case naturelle "c6"ou "d7",
la partie serait une sicilienne} Nc5 (9... Nc7 {[%cal Gd6d5]}) 10. Be3 (10. Re1
a6 (10... Bd7 11. Be3 Qc8 12. Kh2 Na4 13. Nxa4 Bxa4 14. Qd2 Re8 15. Rac1 Bc6
16. Bh6 Bh8 17. c4 Qc7 18. b4 Red8 19. Qe3 Be8) 11. a4 e5 12. Nb3 Nxb3 13. cxb3
Be6 14. Be3 Qd7 15. Kh2 Rad8 16. Re2 Ne8 17. Nd5 f5 18. Bg5 Nf6 19. Rc1) (10.
f4) 10... Ncd7 $6 $146 {L'idée de cette nouveauté peu naturelle qui n'a
d'ailleurs jamais été reprise par un autre joueur, est particulièrement
douteuse. Les noirs rejouent la même pièce pour la 3ème fois en 10 coups et
l'aile-dame sera difficile а développer.} (10... Bd7 {Le coup normal} 11. Nb3
$5 ({RR} 11. Qd2 a6 ({RR} 11... Re8 12. Rad1 Rc8 13. Rfe1 Qa5 14. Nb3 Nxb3 15.
axb3 a6 16. Bd4 Bc6 17. e5 dxe5 18. Rxe5 Qc7 19. Rc5 e5 20. Be3 e4 21. Bf4 Qb6
22. Be3 Qc7 23. Bf4 Qb6 24. Be3 {1/2-1/2 Eising,J (2415)-Dueball,J (2455)/
Mannheim 1975/MCD}) 12. a4 e5 13. Nb3 Nxb3 14. cxb3 Be6 15. b4 Qd7 16. Kh2) ({
RR} 11. a4 Rc8 12. Re1 b6 13. Ra3 Qc7 14. Bg5 a6 15. Bxf6 exf6 16. b4 Ne6 17.
Nd5 Qd8 18. c3 Re8 19. a5 b5 20. Nb6 Rc7 21. h4 Nxd4 22. cxd4 Bc6) ({RR} 11.
Kh2 Rc8 12. Nb3 b6 13. Qd2 Na4 14. Nxa4 Bxa4 15. Rad1 Qc7 16. c3 Qc4 17. Qc2
Nd7 18. Ra1 Nc5 19. Bxc5 bxc5) 11... Na4 (11... Nxb3 12. axb3 $14) 12. Nxa4
Bxa4 13. e5 (13. Nd4 Bd7 14. Qd3 $5 {[%cal Gc2c4,Gg2b7]} Rc8 15. c4 {l'étau de
Maroczy laisse un petit avantage d'espace aux blancs. Par rapport а une
position de Maroczy classique avec un Be2, les noirs rechercehent souvent
l'échange des B de cases noires car le Be2 est mauvais après f3.Or,le Bg2 est
nettement plus actif sur la grande diagonale. Un éventuel échange des B de
cases noires ne serait pas forcément dans l'intérêt des noirs.}) 13... Nd7 14.
exd6 Bxb2 15. Rb1 Be5 16. dxe7 Qxe7 17. Bxb7 Rad8 18. Qc1) (10... a6 11. a4 Bd7
(11... Qc7 12. Nd5 {[%cal Gd5c7]} Nxd5 13. exd5 {[%csl Re7]}) 12. Qd2 (12. a5 {
[%csl Gb6]}) 12... Rc8 13. g4 h5 14. g5 Nh7 15. f4) 11. Qd2 a6 12. a4 e6 (12...
b6 13. e5 {[%cal Gg2a8]}) (12... Rb8 13. a5) 13. a5 {[%cal Gd4b3]} Qc7 14. f4 {
Avec un milieu de jeu de sicilienne} Rb8 15. g4 $1 $14 {L'avantage d'espace а
l'aile-roi commence а se faire sentir.} b5 (15... e5 $5 {[%csl Rd5]} 16. Nb3 b5
) 16. axb6 Nxb6 {[%cal Gb6c4] force l'affaiblissement "b3"} (16... Rxb6 17. g5
Ne8 18. Na4 $16 {[%csl Ra6][%cal Ga4b6,Ga4b2]}) 17. b3 (17. Qe2 $6 Nc4 18. Bc1
Nxb2 19. Ncb5 axb5 20. Bxb2) 17... Nfd7 18. f5 $5 {L'inconvénient est
l'affaiblissement de la case "e5"} (18. e5 $143 {[%cal Gd4c6]} dxe5 19. Nc6 Bb7
$1) 18... Re8 {[%csl Re6] Protège la faiblesse "e6" tout en évitant la menace
Bh6 forçant l'échange des B de cases noires} 19. fxe6 (19. g5 e5 20. Nde2) (19.
f6 Nxf6 20. e5 Nfd5 (20... dxe5 21. Nc6 Bb7 22. Nxb8 Qxb8 23. Rad1)) 19... fxe6
20. Nde2 {[%cal Ge2c3]} (20. Rf2 Bb7 21. Raf1) 20... Bb7 21. Rad1 {[%csl Rd6]}
Be5 {[%csl Ge5]} (21... Nc8 {[%cal Gc8d6]}) 22. Bd4 Rbd8 23. Qh6 (23. Bxe5 Nxe5
$11 {[%csl Ge5]}) 23... Rf8 24. Bxe5 {L'échange des B de cases noires permet а
la Qh6 de faire pression sur les cases noires mais en contrepartie, le Bg2 est
assez mauvais et les noirs ont l'égalité.} Nxe5 25. Qe3 Rxf1+ 26. Bxf1 Nbd7 27.
Bg2 Nf8 $1 {[%cal Gc7e7,Gg6g5,Gf8g6,Gg6f4,Gg6h4] le début d'un bon plan de
conquête des cases noires а l'aile-roi} 28. Rd2 Qe7 {[%cal Ge7g5]} 29. Nd1 g5
$1 30. Nf2 Nfg6 {[%csl Rg2]} 31. Nd3 $6 Nxd3 $5 32. Rxd3 e5 $6 {[%csl Gf4,Rg2]}
(32... Ne5 $142 $1 {Après l'échange des N en d3, il me semblait plus logique
et moins risqué de jouer plutôt pour le contrôle de la case forte "e5".
Dvoretsky avait écrit un chapitre dans "training for the tournament
trainer"sur le thème de la "pièce superflue" qui pouvait être appliquée а la
position. Les deux N des noirs luttent un peu pour les mêmes cases et il
semble avantageux d'en échanger un des deux.} 33. Rd2 Kg7 $15 {Les blancs
semblent avoir plus de difficultées pour activer leurs pièces que dans la
partie ou le N trouve une case forte inespérée en "f5". Les pièces noires sont
placées sur des case optimales et ils n'ont qu'une faiblesse réelle, le P "a"})
33. Ng3 $1 {[%cal Gg3f5]} Nf4 34. Rd2 Qc7 35. Bf1 $1 {[%cal Gf1c4] La poussée
"e5" permet de réactiver la mauvais B sur la diagonale "a2g8"} Kg7 $6 {Perd un
temps mais c'est sans conséquence} 36. Nf5+ Kh8 37. Bc4 Bc8 38. Nh6 {[%cal
Gh6f7,Rf7d8,Rf7h8]} (38. Kh2 {[%cal Gh2h3] libère la Q de la protection du
P"h3"}) 38... Rf8 39. Nf5 Rf6 40. Bf1 (40. Bd5 Nxd5 41. Rxd5 $14) 40... Bxf5
41. gxf5 {Ajournement} a5 42. c4 Rf8 43. c5 $1 dxc5 44. Rc2 Rc8 45. Ba6 Ra8 46.
Bf1 (46. Rxc5 Qd6) 46... Rc8 47. Ba6 Qd6 48. Bf1 (48. Bxc8 $4 Qd1+ 49. Kf2
Qxc2+) 48... Qb6 49. Kh2 Kg7 50. Qc3 Kf6 51. Ra2 Rd8 $2 (51... Ra8) 52. Rxa5
Nd3 $4 {Le K noir sera trés exposé après les échanges} 53. Bxd3 Rxd3 54. Qxd3
Qxa5 55. Qd6+ $40 Kf7 56. Qe6+ Kf8 57. Qf6+ Kg8 58. Qxg5+ Kf7 59. Qe3 c4 60.
bxc4 Qa2+ 61. Kg3 Qxc4 62. Kh4 $1 {[%csl Rh7][%cal Gh4g5,Gg5h6] Le K est une
pièce forte en finale!} Qa2 63. Kg5 Qg2+ 64. Kh6 Qh2 $2 (64... Qg7+ $8 65. Kh5
Qg2 66. Qb3+ Kf8 67. Qb8+ Kf7 68. Qb7+ (68. Qxe5 $4 Qxh3+ 69. Kg5 h6+ 70. Kf4
Qh2+)) 65. Qb3+ Kf8 66. Qb8+ Ke7 67. Qc7+ Ke8 68. Qc8+ Kf7 69. Qe6+ Kf8 70.
Qf6+ Ke8 71. Qh8+ Kd7 72. Qxh7+ Kc6 73. Qg6+ Kd7 74. Kg7 Qxh3 75. f6 {Daniel
Roos a terminé trés fatigué le tournoi mais il était saturé après avoir joué
17 tournois en 1 an.} 1-0

[Event "Cappelle op 23rd"]
[Site "Cappelle la Grande"]
[Date "2007.03.04"]
[Round "2"]
[White "Ionov, Sergey"]
[Black "Seret, Jean Luc"]
[Result "1-0"]
[WhiteElo "2522"]
[BlackElo "2378"]
[Annotator "Primel,D"]
[PlyCount "81"]
[EventDate "2007.03.03"]
[EventType "swiss"]
[EventRounds "9"]
[EventCountry "FRA"]
[SourceTitle "EXT 2021"]
[Source "ChessBase"]
[SourceDate "2020.10.23"]
[SourceVersion "1"]
[SourceVersionDate "2020.10.23"]
[SourceQuality "1"]

1. d4 d6 2. e4 Nf6 3. f3 c6 4. c4 e5 5. d5 Be7 6. Be3 O-O 7. Nc3 a6 (7... Na6
8. Bd3 cxd5 9. cxd5 Nh5 10. Nge2 Bh4+ 11. g3 Bg5 12. Bxg5 Qxg5 13. Qd2 Qd8 14.
g4 Nf6 15. Ng3 Nd7 16. Be2 Ndc5 17. O-O Bd7 18. Kh1 Rc8 19. Rac1 g6 20. Qh6 f6
21. Rg1 Qe7 22. Qe3 Qd8 23. Kg2 Kh8 24. Kh1 Rf7 25. Rb1 Qb6 26. Rgc1 Qb4 27.
Rd1 Rff8 28. h4 Qb6 29. h5 g5 30. Kg2 Nb4 31. Qd2 Rc7 32. h6 Na4 33. Nh5 Rcc8
34. Rdc1 Qd4 35. Rd1 Qb6 36. Ng7 Nc5 37. Rdc1 {Grischuk,A (2704)-Tseshkovsky,V
(2577) Moscow 2004 1-0}) 8. Qd2 b5 9. b3 $146 (9. cxb5 cxb5 10. Bd3 Nbd7 11.
Nge2 Qc7 12. O-O Qb7 13. b4 Nb6 14. a4 bxa4 15. Nxa4 Nxa4 16. Rxa4 Bd7 17. Ra2
Rfb8 18. Nc3 Rc8 19. Rb1 Bd8 20. Kh1 Bb6 21. Ra3 Bxe3 22. Qxe3 Ne8 23. h3 {
1/2-1/2 (23) Lupulescu,C (2560)-Cyborowski,L (2564) Mallorca 2004}) 9... bxc4
10. Bxc4 Bb7 11. Nge2 cxd5 12. Nxd5 Nxd5 13. Bxd5 Bxd5 14. Qxd5 Nd7 15. Qd2
Bh4+ 16. g3 Be7 17. O-O f5 18. Nc3 fxe4 $6 (18... Nf6 {Plus souple}) 19. fxe4
Rc8 {Un coup naturel mais pas trés utile et il fallait peut-être essayé
d'économiser ce coup} 20. Rxf8+ $1 {Les Blancs vont rentrer dans une finale
favorable à cause des pièces mineures plus actives} Qxf8 21. Rf1 Qe8 22. Nd5
$36 Nf6 23. Qd3 Nxd5 {Une concession car l'échange des pièces lourdes
donnera un gros avantage pour les Blancs avec bon B contre mauvais B} 24. Qxd5+
Kh8 25. Qe6 $1 {[%csl Rc8,Re7,Re8]} Bf8 26. Qxe8 Rxe8 27. Kf2 $1 {[%cal Gf2e2,
Ge2d3] Se dirigeant vers la case idéale d3 ou le K empêchera Rc8c2 tout en
protégeant le P"e4". Une démonstration de l'école russe classique!} (27. Rc1
$5 {[%cal Gc1c6]}) 27... Rc8 28. Ke2 {[%csl Rf8] Il manque un tempo aux Noirs
pour jouer Rc2} Kg8 29. Kd3 Be7 30. Rc1 $1 $18 {[%csl Ge3,Re7][%cal Gd3c4,
Gc4d5] La finale de B est perdante} Rxc1 31. Bxc1 Kf7 32. Kc4 Ke6 33. b4 {
[%cal Ga2a4,Gb4b5]} h5 34. h3 Bd8 35. Be3 $1 (35. a4 Bb6 {[%cal Gb6f2]}) 35...
Bc7 36. a4 Bd8 37. a5 $1 {[%cal Ge3b6] Démonstration positionnelle} Bc7 38.
Bb6 Bb8 39. b5 axb5+ 40. Kxb5 d5 41. Kc6 1-0

[Event "FRA-ch 58 Championnat"]
[Site "Belfort"]
[Date "1983.08.15"]
[Round "4"]
[White "Seret, Jean Luc"]
[Black "Bernard, Christophe"]
[Result "1-0"]
[WhiteElo "2375"]
[BlackElo "2335"]
[Annotator "Primel,D"]
[PlyCount "49"]
[EventDate "1983.08.12"]
[EventType "tourn"]
[EventRounds "15"]
[EventCountry "FRA"]
[EventCategory "2"]
[SourceTitle "EXT 2016"]
[Source "ChessBase"]
[SourceDate "2015.10.08"]
[SourceVersion "1"]
[SourceVersionDate "2015.10.08"]
[SourceQuality "1"]
[TimeControl "40/9000:16/5400:0"]

1. e4 d6 2. g3 Nf6 3. Bg2 g6 4. d4 Bg7 5. Ne2 O-O 6. O-O e5 7. Nbc3 exd4 $6 {
peu joué} (7... Nc6 8. dxe5 dxe5 9. Bg5 Be6 10. Nd5 Bxd5 11. exd5 Ne7 12. c4 h6
13. Bd2 Nf5 14. Bc3 Re8) (7... c6 8. a4 a5) (7... Bg4 8. h3 exd4 $1 {SERET} 9.
Qxd4 Bxe2 10. Nxe2 Re8 11. e5 Rxe5 12. Bxb7 Nbd7 13. Bxa8 Qxa8 14. Be3 Re8 $132
{[%cal Gd7e5,Ge5f3]}) 8. Nxd4 Re8 9. h3 Nbd7 10. Re1 c6 11. Bf4 Ne5 12. Qc1 a5
13. a4 Qc7 14. Bh6 Bxh6 15. Qxh6 Qb6 16. Nce2 (16. Nb3 Be6 $132) 16... Bd7 17.
b3 c5 $2 18. Nf5 $1 Bxf5 19. exf5 d5 20. g4 $1 {[%cal Ge2g3,Gg4g5,Ge2f4]} Qd6
21. Nc3 (21. g5 Ne4 22. Rad1 Qf8) 21... Rad8 $2 (21... d4 22. Nb5 Qd7) 22. g5
Ne4 $4 (22... Nh5 23. Nxd5 Nc6 24. Rxe8+ (24. Nf6+) 24... Rxe8 25. c3 (25. f6))
23. Rxe4 $1 dxe4 24. Nxe4 {[%cal Ge4f6]} Nf3+ 25. Bxf3 1-0